[Event "Meghalaya op 1st"]
[Site "Shillong"]
[Date "2023.12.20"]
[Round "10"]
[White "Neelotpal, Das"]
[Black "Rohith Yadav, BR."]
[Result "1/2-1/2"]
[WhiteElo "2350"]
[BlackElo "1746"]
[PlyCount "60"]
[EventDate "2023.12.13"]
[EventType "swiss"]
[EventRounds "10"]
[EventCountry "IND"]
[SourceTitle "CB52_2023"]
[SourceDate "2023.12.27"]
[SourceVersion "1"]
[SourceVersionDate "2023.12.27"]
[SourceQuality "1"]

1. d4 d5 2. c4 e6 3. Nc3 Nf6 4. Nf3 Be7 5. Bf4 0-0 6. e3 c5 7. dxc5 Bxc5 8. Qc2 dxc4 9. Bxc4 a6 10. Rd1 Nbd7 11. Bd3 h6 12. e4 Nh5 13. Bc1 Qc7 14. 0-0 Nf4 15. Rfe1 Nxd3 16. Qxd3 Ne5 17. Nxe5 Qxe5 18. Qf3 Bb4 19. Bf4 Qf6 20. Qg3 Bxc3 21. bxc3 b5 22. h4 Kh7 23. Rd4 Qg6 24. Qh2 f6 25. Bd6 Re8 26. h5 Qf7 27. e5 f5 28. c4 Bb7 29. c5 Rg8 30. Re3 g5 1/2-1/2

[Event "Meghalaya op 1st"]
[Site "Shillong"]
[Date "2023.12.18"]
[Round "8"]
[White "Kartik, Kumar Singh"]
[Black "Rohith Yadav, BR."]
[Result "1/2-1/2"]
[WhiteElo "2005"]
[BlackElo "1746"]
[PlyCount "107"]
[EventDate "2023.12.13"]
[EventType "swiss"]
[EventRounds "10"]
[EventCountry "IND"]
[SourceTitle "CB52_2023"]
[SourceDate "2023.12.27"]
[SourceVersion "1"]
[SourceVersionDate "2023.12.27"]
[SourceQuality "1"]

1. e4 e6 2. d4 d5 3. Nd2 c5 4. Ngf3 Nc6 5. exd5 Qxd5 6. Bc4 Qh5 7. dxc5 Bxc5 8. Ne4 Nf6 9. Nxc5 Qxc5 10. Qe2 Bd7 11. Be3 Qh5 12. 0-0-0 Ne5 13. Nxe5 Qxe5 14. Qd2 Bc6 15. Bxa7 0-0 16. Bd4 Qf5 17. f3 e5 18. Bc3 Rfe8 19. Rhf1 h6 20. Kb1 Qh5 21. h3 Qh4 22. Bb3 Nh5 23. Qf2 Qg5 24. Rfe1 Nf4 25. Rd2 Rad8 26. Red1 Rxd2 27. Rxd2 e4 28. fxe4 Rxe4 29. a3 Ne6 30. g3 Re3 31. Rd3 Rxd3 32. cxd3 Qh5 33. h4 Qg6 34. Qe3 Qf5 35. Ka1 Bd5 36. Bxd5 Qxd5 37. Kb1 Qh1+ 38. Qe1 Qf3 39. Kc2 Nc5 40. Qe8+ Kh7 41. Qb5 Qg2+ 42. Bd2 Ne6 43. Qe5 Qc6+ 44. Bc3 Qg2+ 45. Kb3 Qf1 46. d4 Kg8 47. d5 Nc5+ 48. Ka2 Qc4+ 49. Ka1 Nb3+ 50. Kb1 Qd3+ 51. Ka2 Nc1+ 52. Ka1 Nb3+ 53. Ka2 Nc1+ 54. Ka1 1/2-1/2

[Event "Meghalaya op 1st"]
[Site "Shillong"]
[Date "2023.12.17"]
[Round "7"]
[White "Gurung, Rahul"]
[Black "Rohith Yadav, BR."]
[Result "0-1"]
[WhiteElo "2030"]
[BlackElo "1746"]
[PlyCount "56"]
[EventDate "2023.12.13"]
[EventType "swiss"]
[EventRounds "10"]
[EventCountry "IND"]
[SourceTitle "CB52_2023"]
[SourceDate "2023.12.27"]
[SourceVersion "1"]
[SourceVersionDate "2023.12.27"]
[SourceQuality "1"]

1. e4 e6 2. d4 d5 3. e5 c5 4. c3 Nc6 5. Nf3 Qb6 6. a3 Bd7 7. b4 cxd4 8. cxd4 Rc8 9. Bb2 Na5 10. Nbd2 Nc4 11. Nxc4 dxc4 12. Rc1 a5 13. Bxc4 axb4 14. a4 Ne7 15. 0-0 Nd5 16. Qd3 Be7 17. Bb3 0-0 18. Bc2 g6 19. Ra1 Nc3 20. Bb3 Qa6 21. Qd2 Rfd8 22. a5 Bc6 23. Rfe1 Bxf3 24. gxf3 Bc5 25. Re4 Bxd4 26. Rh4 Qe2 27. Qe1 Qxf3 28. Bd1 Bxf2+ 0-1